[Event "Sofia ChessBomb op 1st"]
[Site "Sofia"]
[Date "2015.08.01"]
[Round "2"]
[White "Stavrev, Nikolai"]
[Black "Angelova, Elizabet"]
[Result "1-0"]
[WhiteElo "2361"]
[BlackElo "1318"]
[PlyCount "41"]
[EventDate "2015.08.01"]
[EventType "swiss"]
[EventRounds "6"]
[EventCountry "BUL"]
[SourceTitle "EXT 2016"]
[Source "ChessBase"]
[SourceDate "2015.10.08"]
[SourceVersion "1"]
[SourceVersionDate "2015.10.08"]
[SourceQuality "1"]

1. e4 e6 2. d4 d5 3. Nd2 Nf6 4. Bd3 dxe4 5. Nxe4 Nxe4 6. Bxe4 c5 7. Nf3 cxd4 8. Qxd4 Qxd4 9. Nxd4 Bb4+ 10. c3 Bd6 11. Nb5 Ke7 12. Be3 a6 13. Nxd6 Kxd6 14. 0-0-0+ Ke7 15. Bc5+ Kf6 16. Rd3 e5 17. Rf3+ Ke6 18. Rd1 f6 19. Bd5+ Kd7 20. Bxb7+ Kc7 21. Bxa8 1-0

[Event "BUL-chT2 64th"]
[Site "Sunny Beach"]
[Date "2015.06.02"]
[Round "3.2"]
[White "Vasilev, Milen"]
[Black "Stavrev, Nikolai"]
[Result "1-0"]
[WhiteElo "2472"]
[BlackElo "2366"]
[PlyCount "69"]
[EventDate "2015.05.31"]
[EventType "team-swiss"]
[EventRounds "7"]
[EventCountry "BUL"]
[SourceTitle "CBM 166 Extra"]
[Source "ChessBase"]
[SourceDate "2015.06.18"]
[SourceVersion "1"]
[SourceVersionDate "2015.06.18"]
[SourceQuality "1"]
[WhiteTeam "Burgas 64"]
[BlackTeam "Sofia Slavia"]
[WhiteTeamCountry "BUL"]
[BlackTeamCountry "BUL"]

1. d4 d5 2. Nf3 Nf6 3. Bf4 c5 4. c3 Nc6 5. e3 Qb6 6. Qb3 c4 7. Qc2 Bf5 8. Qc1 e6 9. Be2 Be7 10. h3 0-0 11. Nbd2 Rfc8 12. Nh4 Qd8 13. Nxf5 exf5 14. g4 fxg4 15. hxg4 b5 16. a3 a5 17. Bf3 b4 18. Qb1 bxc3 19. bxc3 g6 20. Ke2 Bd6 21. Bg5 Be7 22. Rh3 Ne4 23. Bxe4 Bxg5 24. Bf3 Rab8 25. Qh1 Nxd4+ 26. cxd4 c3 27. Bxd5 Rc7 28. Rxh7 Bf6 29. Ne4 Rb2+ 30. Kd3 Bg7 31. g5 Qf8 32. Nf6+ Bxf6 33. gxf6 Rd2+ 34. Ke4 Re7+ 35. Kf3 1-0

[Event "BUL-chT2"]
[Site "Sunny Beach"]
[Date "2014.09.24"]
[Round "6.1"]
[White "Stavrev, Nikolai"]
[Black "Shishkov, Minko"]
[Result "1-0"]
[WhiteElo "2368"]
[BlackElo "2293"]
[PlyCount "69"]
[EventDate "2014.09.19"]
[EventType "team-swiss"]
[EventRounds "7"]
[EventCountry "BUL"]
[SourceTitle "EXT 2015"]
[Source "ChessBase"]
[SourceDate "2014.11.20"]
[SourceVersion "1"]
[SourceVersionDate "2014.11.20"]
[SourceQuality "1"]
[WhiteTeam "Sofia Slavia"]
[BlackTeam "Radnevo Maritsa Iztok"]
[WhiteTeamCountry "BUL"]
[BlackTeamCountry "BUL"]

1. e4 d5 2. exd5 Qxd5 3. Nf3 Bg4 4. Be2 Nc6 5. d4 0-0-0 6. c4 Qf5 7. Be3 Nf6 8. Nbd2 e5 9. d5 Nb4 10. 0-0 e4 11. Nd4 Qg6 12. Bf4 Nd3 13. Bg3 Bd6 14. Nxe4 Bxg3 15. Nxg3 Bxe2 16. Qxe2 Rhe8 17. Qd2 Ne5 18. Qc3 Qd3 19. Qxd3 Nxd3 20. b3 g6 21. Rad1 Nf4 22. Nb5 a6 23. Nc3 Re5 24. Rfe1 Rde8 25. Rxe5 Rxe5 26. Kf1 b5 27. Rd4 g5 28. Nce4 Nxe4 29. Nxe4 h6 30. g3 Ng6 31. Nc5 bxc4 32. bxc4 c6 33. Nxa6 cxd5 34. Rxd5 Rxd5 35. cxd5 1-0

[Event "BUL-chT2"]
[Site "Sunny Beach"]
[Date "2014.09.20"]
[Round "2.1"]
[White "Stavrev, Nikolai"]
[Black "Vasilev, Vasil Aleksandrov"]
[Result "1/2-1/2"]
[WhiteElo "2368"]
[BlackElo "2358"]
[PlyCount "124"]
[EventDate "2014.09.19"]
[EventType "team-swiss"]
[EventRounds "7"]
[EventCountry "BUL"]
[SourceTitle "EXT 2015"]
[Source "ChessBase"]
[SourceDate "2014.11.20"]
[SourceVersion "1"]
[SourceVersionDate "2014.11.20"]
[SourceQuality "1"]
[WhiteTeam "Sofia Slavia"]
[BlackTeam "Yambol Tundzha"]
[WhiteTeamCountry "BUL"]
[BlackTeamCountry "BUL"]

1. e4 d5 2. exd5 Qxd5 3. Nf3 Nf6 4. d4 c6 5. c4 Qa5+ 6. Nbd2 Bf5 7. Be2 Nbd7 8. 0-0 e6 9. a3 h6 10. Re1 Be7 11. b4 Qc7 12. Bb2 a5 13. b5 0-0 14. bxc6 bxc6 15. Nf1 Rab8 16. Ra2 Rfe8 17. Ne3 Bg6 18. Bd3 Bxd3 19. Qxd3 a4 20. Bc3 Rb3 21. Nd2 Rxa3 22. Rxa3 Bxa3 23. c5 Rb8 24. Ra1 Bb4 25. Rxa4 Bxc3 26. Qxc3 Qb7 27. Qa1 Qb5 28. Nec4 Nd5 29. g3 N7f6 30. Ra3 Ne4 31. Rb3 Nb4 32. Nxe4 Qxc4 33. Qb2 e5 34. Nc3 Qxd4 35. Na2 Qxb2 36. Rxb2 Na6 37. Rxb8+ Nxb8 38. Kf1 Na6 39. Ke2 f5 40. f3 Kf7 41. Kd3 Nxc5+ 42. Kc4 Ne6 43. Nb4 c5 44. Nd3 Kf6 45. Kd5 c4 46. Kxc4 e4 47. fxe4 fxe4 48. Nf2 Kf5 49. Kd5 e3 50. Nd1 e2 51. Ne3+ Kf6 52. Ng2 Ng5 53. Ne1 Kf5 54. Kd4 Kg4 55. Ke3 Kh3 56. Kxe2 Kxh2 57. Kf2 Ne4+ 58. Kf3 Ng5+ 59. Kg4 Ne4 60. Nf3+ Kg2 61. Nh4+ Kf2 62. Nf5 Nf6+ 1/2-1/2

[Event "BUL-chT GpB 63rd"]
[Site "Sunny Beach"]
[Date "2013.09.24"]
[Round "8.1"]
[White "Vatkovski, Mitko"]
[Black "Stavrev, Nikolai"]
[Result "0-1"]
[WhiteElo "1919"]
[BlackElo "2352"]
[PlyCount "37"]
[EventDate "2013.09.19"]
[EventType "team-tourn"]
[EventRounds "9"]
[EventCountry "BUL"]
[SourceTitle "CBM 156 Extra"]
[Source "ChessBase"]
[SourceDate "2013.10.22"]
[SourceVersion "1"]
[SourceVersionDate "2013.10.22"]
[SourceQuality "1"]
[WhiteTeam "Lovech"]
[BlackTeam "Sofia Slavia"]
[WhiteTeamCountry "BUL"]
[BlackTeamCountry "BUL"]

1. c4 c5 2. Nc3 Nc6 3. Nf3 g6 4. a3 Bg7 5. Qc2 b6 6. d3 Bb7 7. e4 d6 8. g3 Nf6 9. Bg2 0-0 10. 0-0 Ne8 11. Be3 Nc7 12. Rab1 Ne6 13. Ne2 Qd7 14. h3 f5 15. Ng5 Ned4 16. Nxd4 cxd4 17. Bd2 h6 18. Nf3 Qe6 19. Nh2 0-1

[Event "BUL-chT GpB 63rd"]
[Site "Sunny Beach"]
[Date "2013.09.22"]
[Round "5.1"]
[White "Stavrev, Nikolai"]
[Black "Tsanov, Miroslav"]
[Result "1-0"]
[WhiteElo "2352"]
[BlackElo "1896"]
[PlyCount "62"]
[EventDate "2013.09.19"]
[EventType "team-tourn"]
[EventRounds "9"]
[EventCountry "BUL"]
[SourceTitle "CBM 156 Extra"]
[Source "ChessBase"]
[SourceDate "2013.10.22"]
[SourceVersion "1"]
[SourceVersionDate "2013.10.22"]
[SourceQuality "1"]
[WhiteTeam "Sofia Slavia"]
[BlackTeam "Slivnitsa Geroy"]
[WhiteTeamCountry "BUL"]
[BlackTeamCountry "BUL"]

1. e4 c5 2. Nc3 Nc6 3. Nf3 d6 4. Bb5 Nf6 5. e5 dxe5 6. Bxc6+ bxc6 7. Nxe5 Qc7 8. Qe2 e6 9. h3 Bd6 10. Nc4 0-0 11. d3 Ba6 12. Nxd6 Qxd6 13. 0-0 Nd5 14. Ne4 Qe7 15. c4 f5 16. Ng5 Nc7 17. Qe5 h6 18. Nf3 Bb7 19. Bf4 Na6 20. Qc3 Rad8 21. Rfd1 g5 22. Be5 Kh7 23. Re1 g4 24. hxg4 fxg4 25. Nh2 h5 26. Re3 Qf7 27. Bg3 Rd4 28. Qe1 Re8 29. Be5 Rdd8 30. a3 Qf5 31. f3 Re7 1-0

[Event "BUL-chT GpB 63rd"]
[Site "Sunny Beach"]
[Date "2013.09.19"]
[Round "1.1"]
[White "Nenkov, Ljudmil"]
[Black "Stavrev, Nikolai"]
[Result "0-1"]
[WhiteElo "2256"]
[BlackElo "2352"]
[PlyCount "55"]
[EventDate "2013.09.19"]
[EventType "team-tourn"]
[EventRounds "9"]
[EventCountry "BUL"]
[SourceTitle "CBM 156 Extra"]
[Source "ChessBase"]
[SourceDate "2013.10.22"]
[SourceVersion "1"]
[SourceVersionDate "2013.10.22"]
[SourceQuality "1"]
[WhiteTeam "Pernik Yuriy Benderev"]
[BlackTeam "Sofia Slavia"]
[WhiteTeamCountry "BUL"]
[BlackTeamCountry "BUL"]

1. Nf3 c5 2. g3 Nc6 3. d4 cxd4 4. Nxd4 g6 5. Bg2 Bg7 6. Nxc6 bxc6 7. 0-0 Rb8 8. c4 Qa5 9. Qc2 Nf6 10. Bf4 Rb7 11. Nd2 0-0 12. c5 Nd5 13. Nb3 Qa4 14. Bxd5 cxd5 15. Rfd1 Rb4 16. Qd2 Bb7 17. Bh6 Bxh6 18. Qxh6 d4 19. Qd2 e5 20. f3 Re8 21. Nc1 e4 22. Rf1 exf3 23. exf3 d3 24. b3 Qb5 25. a4 Qxc5+ 26. Kg2 Rbe4 27. Nxd3 Re2+ 28. Rf2 0-1

[Event "BUL-chT-B 62nd"]
[Site "Sunny Beach"]
[Date "2012.09.23"]
[Round "5.2"]
[White "Stavrev, Nikolai"]
[Black "Ilchov, Rosen"]
[Result "1/2-1/2"]
[WhiteElo "2353"]
[BlackElo "2205"]
[PlyCount "59"]
[EventDate "2012.09.19"]
[EventType "team-swiss"]
[EventRounds "7"]
[EventCountry "BUL"]
[SourceTitle "CBM 150 Extra"]
[Source "ChessBase"]
[SourceDate "2012.10.19"]
[SourceVersion "1"]
[SourceVersionDate "2012.10.19"]
[SourceQuality "1"]
[WhiteTeam "Sofia Slavia"]
[BlackTeam "Pernik Yuriy Benderev"]
[WhiteTeamCountry "BUL"]
[BlackTeamCountry "BUL"]

1. e4 d6 2. d4 Nf6 3. Nc3 e5 4. Nge2 Be7 5. g3 c6 6. Bg2 0-0 7. 0-0 Qc7 8. h3 b5 9. a3 Nbd7 10. g4 Rb8 11. Be3 a5 12. Ng3 b4 13. axb4 axb4 14. Nf5 Bd8 15. Ne2 d5 16. Nfg3 dxe4 17. Nxe4 Nxe4 18. Bxe4 Nf6 19. Bg2 Nd5 20. Bxd5 cxd5 21. dxe5 h5 22. f3 Qe7 23. Kg2 Bc7 24. Bd4 Bxe5 25. Bxe5 Qxe5 26. Nd4 Rb6 27. Qd2 Rg6 28. Rae1 Qf6 29. Qe3 Bd7 30. Qe5 1/2-1/2

[Event "BUL-chT-B 60th"]
[Site "Albena"]
[Date "2010.06.01"]
[Round "8.3"]
[White "Mladenov, Plamen"]
[Black "Stavrev, Nikolai"]
[Result "1-0"]
[WhiteElo "2375"]
[BlackElo "2336"]
[PlyCount "87"]
[EventDate "2010.05.27"]
[EventType "team-tourn"]
[EventRounds "9"]
[EventCountry "BUL"]
[SourceTitle "CBM 136 Extra"]
[Source "ChessBase"]
[SourceDate "2010.07.02"]
[SourceVersion "2"]
[SourceVersionDate "2010.07.15"]
[SourceQuality "1"]
[WhiteTeam "Pleven Spartak XXI"]
[BlackTeam "Sofia Slavia"]
[WhiteTeamCountry "BUL"]
[BlackTeamCountry "BUL"]

1. e4 e6 2. Nc3 d5 3. Nf3 Nf6 4. e5 Nfd7 5. d4 c5 6. dxc5 Nc6 7. Bf4 Nxc5 8. a3 Be7 9. Qd2 a6 10. h4 Qc7 11. h5 h6 12. Be2 Ne4 13. Qd3 Qa5 14. Kf1 Nxc3 15. bxc3 Qa4 16. Bd2 Bd7 17. Rh3 Qe4 18. Rg3 Kf8 19. Qe3 Qxe3 20. Bxe3 Rc8 21. Bb6 f5 22. c4 dxc4 23. Rd1 Be8 24. Bxc4 Nd8 25. Bb3 Bxh5 26. Bxd8 Rxd8 27. Rxd8+ Bxd8 28. Nd4 Bf7 29. Nxe6+ Bxe6 30. Bxe6 f4 31. Rd3 Ke7 32. Bf5 Rf8 33. Rd7+ Ke8 34. Be6 f3 35. Rxb7 fxg2+ 36. Kxg2 Ba5 37. Bb3 Bc3 38. e6 Rf4 39. Bd5 Bf6 40. Bc6+ Kd8 41. Rd7+ Kc8 42. e7 Re4 43. Rd8+ Kc7 44. Bxe4 1-0

[Event "BUL-chT-B 60th"]
[Site "Albena"]
[Date "2010.05.28"]
[Round "3.5"]
[White "Georgiev, Krum"]
[Black "Stavrev, Nikolai"]
[Result "1/2-1/2"]
[WhiteElo "2456"]
[BlackElo "2336"]
[PlyCount "39"]
[EventDate "2010.05.27"]
[EventType "team-tourn"]
[EventRounds "9"]
[EventCountry "BUL"]
[SourceTitle "CBM 136 Extra"]
[Source "ChessBase"]
[SourceDate "2010.07.02"]
[SourceVersion "2"]
[SourceVersionDate "2010.07.15"]
[SourceQuality "1"]
[WhiteTeam "Dobrich Albena"]
[BlackTeam "Sofia Slavia"]
[WhiteTeamCountry "BUL"]
[BlackTeamCountry "BUL"]

1. e4 c5 2. b3 d6 3. Bb2 Nc6 4. g3 Nf6 5. Bg2 g6 6. Ne2 Bg7 7. 0-0 Bd7 8. c4 h5 9. Nbc3 h4 10. Nd5 Ne5 11. d4 cxd4 12. Bxd4 hxg3 13. hxg3 Qc8 14. Re1 Bg4 15. Bxe5 dxe5 16. Qd3 Bh3 17. Qf3 Bg4 18. Qd3 Bh3 19. Qf3 Bg4 20. Qd3 1/2-1/2

[Event "BUL-chT-B Group qual final"]
[Site "Sofia"]
[Date "2010.02.21"]
[Round "1.1"]
[White "Stavrev, Nikolai"]
[Black "Georgiev, Krum"]
[Result "0-1"]
[WhiteElo "2348"]
[BlackElo "2447"]
[PlyCount "48"]
[EventDate "2010.02.21"]
[EventType "team-match"]
[EventRounds "1"]
[EventCountry "BUL"]
[SourceTitle "CBM 135 Extra"]
[Source "ChessBase"]
[SourceDate "2010.05.04"]
[SourceVersion "1"]
[SourceVersionDate "2010.05.04"]
[SourceQuality "1"]
[WhiteTeam "Sofia Slavia"]
[BlackTeam "Dobrich Albena"]
[WhiteTeamCountry "BUL"]
[BlackTeamCountry "BUL"]

1. e4 c5 2. Nf3 d6 3. d4 cxd4 4. Nxd4 Nf6 5. Nc3 Bd7 6. Be2 e6 7. f4 Nc6 8. Be3 a6 9. a4 Be7 10. 0-0 0-0 11. Kh1 Rc8 12. Bd3 Nxd4 13. Bxd4 Bc6 14. e5 dxe5 15. fxe5 Nd5 16. Qg4 Nb4 17. Rad1 Nxd3 18. Rxd3 Qc7 19. Qh5 Rcd8 20. Rh3 h6 21. Be3 f5 22. Rg3 Qxe5 23. Bf4 Qd4 24. Rd1 Qxf4 0-1

[Event "BUL-chT2"]
[Site "Sunny Beach"]
[Date "2009.06.09"]
[Round "2.2"]
[White "Yordanov, Nikolay"]
[Black "Stavrev, Nikolai"]
[Result "1/2-1/2"]
[WhiteElo "2202"]
[BlackElo "2326"]
[PlyCount "143"]
[EventDate "2009.06.08"]
[EventType "team-swiss"]
[EventRounds "7"]
[EventCountry "BUL"]
[SourceTitle "CBM 130 Extra"]
[Source "ChessBase"]
[SourceDate "2009.07.02"]
[SourceVersion "2"]
[SourceVersionDate "2009.07.15"]
[SourceQuality "1"]

1. e4 c5 2. c3 Nf6 3. e5 Nd5 4. Nf3 e6 5. d4 cxd4 6. cxd4 d6 7. a3 Bd7 8. Bd3 Bc6 9. 0-0 Nd7 10. Re1 Rc8 11. b4 a6 12. Qe2 dxe5 13. dxe5 Qb6 14. Ra2 Be7 15. Rc2 0-0 16. Qe4 g6 17. Qg4 Bb5 18. Rxc8 Rxc8 19. Bxb5 Qxb5 20. Bg5 Bxg5 21. Qxg5 Qd3 22. Qh6 Qf5 23. Nbd2 Nf4 24. h3 Nd3 25. g4 Qf4 26. Qxf4 Nxf4 27. Re4 Rc1+ 28. Kh2 Nd3 29. Kg2 Rc2 30. Kg3 N3xe5 31. Nxe5 Nxe5 32. Rxe5 Rxd2 33. Re3 Kf8 34. Rc3 Ke7 35. g5 Rd4 36. Rc7+ Rd7 37. Rc3 e5 38. Re3 Kd6 39. f4 Re7 40. Rd3+ Kc6 41. fxe5 Rxe5 42. Kg4 Rd5 43. Rc3+ Kd6 44. Rf3 Ke6 45. Re3+ Re5 46. Rf3 Re4+ 47. Kg3 Ke7 48. Rc3 Ke6 49. Rf3 Ke7 50. Rc3 Rd4 51. Re3+ Kf8 52. Rc3 Kg7 53. Rf3 Rd6 54. Rc3 Rd5 55. Kg4 h6 56. h4 Rd4+ 57. Kg3 b5 58. Rf3 hxg5 59. hxg5 Rd5 60. Kg4 Rd6 61. Rc3 Rd1 62. Kf4 Rd7 63. Ke4 Re7+ 64. Kf4 Re6 65. Rc7 Kf8 66. Ra7 Ke8 67. Ra8+ Ke7 68. Ra7+ Kf8 69. Ra8+ Kg7 70. Ra7 Rc6 71. Ke5 Re6+ 72. Kf4 1/2-1/2

[Event "BUL-chT2 58th"]
[Site "Borovetz"]
[Date "2008.10.03"]
[Round "3.6"]
[White "Zheljazkov, Vergil"]
[Black "Stavrev, Nikolai"]
[Result "0-1"]
[WhiteElo "2027"]
[BlackElo "2337"]
[PlyCount "54"]
[EventDate "2008.10.01"]
[EventType "team-swiss"]
[EventRounds "7"]
[EventCountry "BUL"]
[SourceTitle "CBM 126 Extra"]
[Source "ChessBase"]
[SourceDate "2008.11.05"]
[SourceVersion "1"]
[SourceVersionDate "2008.11.05"]
[SourceQuality "1"]

1. d4 d5 2. Nf3 Nf6 3. e3 c5 4. c3 Nbd7 5. Bd3 Qc7 6. Qa4 g6 7. Nbd2 Bg7 8. dxc5 0-0 9. Qh4 Nxc5 10. Bc2 e5 11. h3 e4 12. Nh2 Nh5 13. g4 Bf6 14. g5 Be7 15. Ng4 f6 16. gxf6 Rxf6 17. Qg5 Bxg4 18. Qxg4 Raf8 19. Rg1 Rf5 20. f4 Nxf4 21. exf4 Rxf4 22. Qg2 Rf2 23. Qxf2 Rxf2 24. Kxf2 Bh4+ 25. Ke3 Qh2 26. Rf1 Ne6 27. Bb3 Bg5+ 0-1

[Event "BUL-chT2 58th"]
[Site "Borovetz"]
[Date "2008.10.01"]
[Round "1.4"]
[White "Galunov, Todor"]
[Black "Stavrev, Nikolai"]
[Result "1-0"]
[WhiteElo "2284"]
[BlackElo "2337"]
[PlyCount "77"]
[EventDate "2008.10.01"]
[EventType "team-swiss"]
[EventRounds "7"]
[EventCountry "BUL"]
[SourceTitle "CBM 126 Extra"]
[Source "ChessBase"]
[SourceDate "2008.11.05"]
[SourceVersion "1"]
[SourceVersionDate "2008.11.05"]
[SourceQuality "1"]

1. Nf3 c5 2. g3 g6 3. Bg2 Bg7 4. c4 Nc6 5. Nc3 Nh6 6. h4 d6 7. h5 Ng4 8. d3 Nge5 9. Nxe5 Bxe5 10. hxg6 hxg6 11. Rxh8+ Bxh8 12. Bg5 Be6 13. Qd2 Qd7 14. 0-0-0 0-0-0 15. Rh1 Bd4 16. Be3 Rh8 17. Bxd4 Rxh1+ 18. Bxh1 Nxd4 19. Qh6 Qd8 20. Qg7 Qa5 21. Qf8+ Kd7 22. Bxb7 Nxe2+ 23. Kd2 Qc7 24. Qa8 Nxc3 25. bxc3 a5 26. Ba6 Bf5 27. Bb5+ Ke6 28. g4 Bxg4 29. Qe4+ Kf6 30. Qxg4 Qb7 31. Qe4 Qc7 32. Qc6 Qb8 33. Qe8 Qc7 34. Qh8+ Kg5 35. Qh2 Kf6 36. a3 Kg7 37. Qf4 Qc8 38. Ke2 Qe6+ 39. Qe4 1-0

[Event "Sofia Grigorov Memorial 6th"]
[Site "Sofia"]
[Date "2008.01.10"]
[Round "6"]
[White "Stavrev, Nikolai"]
[Black "Nikolova, Adriana"]
[Result "1-0"]
[WhiteElo "2337"]
[BlackElo "2194"]
[PlyCount "61"]
[EventDate "2008.01.06"]
[EventType "swiss"]
[EventRounds "7"]
[EventCountry "BUL"]
[SourceTitle "CBM 122 Extra"]
[Source "ChessBase"]
[SourceDate "2008.03.04"]
[SourceVersion "1"]
[SourceVersionDate "2008.03.04"]
[SourceQuality "1"]

1. e4 c5 2. Nf3 d6 3. d4 cxd4 4. Nxd4 Nf6 5. Nc3 a6 6. Be2 e6 7. f4 Qc7 8. a4 Be7 9. 0-0 0-0 10. Kh1 Nbd7 11. Bf3 Rb8 12. g4 Rd8 13. g5 Ne8 14. Bg2 Bf8 15. Qe1 g6 16. Be3 Nb6 17. b3 e5 18. Nde2 exf4 19. Bd4 Be6 20. Nxf4 Bg7 21. Qf2 Bxd4 22. Qxd4 Rbc8 23. Rf3 d5 24. Nxe6 fxe6 25. Raf1 Nd6 26. Bh3 Re8 27. Qe5 Qe7 28. Bxe6+ Qxe6 29. Rf8+ Rxf8 30. Qxe6+ Nf7 31. Nxd5 1-0

[Event "Sofia Grigorov Memorial 6th"]
[Site "Sofia"]
[Date "2008.01.09"]
[Round "4"]
[White "Stavrev, Nikolai"]
[Black "Videnova, Iva"]
[Result "1-0"]
[WhiteElo "2337"]
[BlackElo "2188"]
[PlyCount "65"]
[EventDate "2008.01.06"]
[EventType "swiss"]
[EventRounds "7"]
[EventCountry "BUL"]
[SourceTitle "CBM 122 Extra"]
[Source "ChessBase"]
[SourceDate "2008.03.04"]
[SourceVersion "1"]
[SourceVersionDate "2008.03.04"]
[SourceQuality "1"]

1. e4 c5 2. Nf3 d6 3. d4 cxd4 4. Nxd4 Nf6 5. Nc3 g6 6. Be3 Bg7 7. Be2 0-0 8. f4 Nc6 9. Qd3 d5 10. e5 Ne8 11. 0-0 f6 12. Bf3 Nc7 13. exf6 Bxf6 14. Ncb5 Ne6 15. Nxe6 Bxe6 16. Rad1 a6 17. Nd4 Bf7 18. c3 e5 19. fxe5 Nxe5 20. Qc2 Bg7 21. Nb3 Nc4 22. Bc5 Re8 23. Qf2 b6 24. Bd4 Bh6 25. Rde1 Qc7 26. Qh4 Qf4 27. Bxd5 Qxh4 28. Bxf7+ Kf8 29. Bxe8+ Bf4 30. g3 Qe7 31. Rxf4+ Kxe8 32. Rxe7+ Kxe7 33. Bf6+ 1-0

[Event "BUL-chT 54th"]
[Site "Plovdiv"]
[Date "2004.11.23"]
[Round "4.2"]
[White "Stavrev, Nikolai"]
[Black "Cheparinov, Ivan"]
[Result "1-0"]
[WhiteElo "2304"]
[BlackElo "2576"]
[PlyCount "99"]
[EventDate "2004.11.20"]
[EventType "team-swiss"]
[EventRounds "7"]
[EventCountry "BUL"]
[SourceTitle "EXT 2006"]
[Source "ChessBase"]
[SourceDate "2005.11.24"]
[SourceVersion "1"]
[SourceVersionDate "2005.11.24"]
[SourceQuality "1"]
[WhiteTeam "Razgrad Abritus"]
[BlackTeam "Sofia Lokomotiv"]
[WhiteTeamCountry "BUL"]
[BlackTeamCountry "BUL"]

1. e4 c5 2. Nf3 d6 3. d4 Nf6 4. Nc3 cxd4 5. Nxd4 a6 6. Be2 e6 7. f4 Qc7 8. 0-0 Be7 9. a4 Nc6 10. Be3 0-0 11. Kh1 Re8 12. Bg1 Rb8 13. Qd3 Bd7 14. Qg3 d5 15. exd5 exd5 16. Nxc6 bxc6 17. Bd4 Qc8 18. Rfe1 Rb4 19. Be5 g6 20. Rad1 Be6 21. b3 a5 22. Bf3 Nd7 23. Bd4 Qd8 24. Bf2 Bf6 25. Na2 Rb8 26. Bg4 Bxg4 27. Qxg4 Bg7 28. Rxe8+ Qxe8 29. Re1 Qd8 30. f5 Nf6 31. Qh4 gxf5 32. Qg5 Qd7 33. Bd4 Re8 34. Rxe8+ Qxe8 35. h3 Nh5 36. Bxg7 Nxg7 37. Nc1 Qe1+ 38. Kh2 Qe5+ 39. Kg1 f6 40. Qd2 Ne6 41. Nd3 Qd4+ 42. Kh1 f4 43. Qxa5 f3 44. gxf3 Qe3 45. Qe1 Qxf3+ 46. Kh2 Nf4 47. Qe8+ Kg7 48. Qd7+ Kh6 49. Qg4 Qxg4 50. hxg4 1-0

[Event "Grigorov Memorial"]
[Site "Pernik"]
[Date "2003.12.14"]
[Round "6"]
[White "Anev, Asen"]
[Black "Stavrev, Nikolai"]
[Result "0-1"]
[WhiteElo "2066"]
[BlackElo "2313"]
[PlyCount "54"]
[EventDate "2003.12.12"]
[EventType "swiss"]
[EventRounds "7"]
[EventCountry "BUL"]
[SourceTitle "EXT 2005"]
[Source "ChessBase"]
[SourceDate "2004.11.15"]
[SourceVersion "1"]
[SourceVersionDate "2004.11.15"]
[SourceQuality "1"]

1. d4 Nf6 2. c4 e6 3. Nf3 d5 4. Nc3 Bb4 5. Bg5 Nbd7 6. e3 c5 7. cxd5 exd5 8. Bxf6 Nxf6 9. Bb5+ Bd7 10. Bxd7+ Qxd7 11. 0-0 Bxc3 12. bxc3 0-0 13. Ne5 Qe7 14. Qb3 c4 15. Qa3 b5 16. Qa6 Rab8 17. Rab1 Ne4 18. Rfc1 Rb6 19. Qa5 Rfb8 20. f3 Nd6 21. Re1 Qb7 22. a3 h5 23. g4 f6 24. Ng6 hxg4 25. fxg4 Ne4 26. Rb2 Qd7 27. Rg2 Kh7 0-1

[Event "Grigorov Memorial"]
[Site "Pernik"]
[Date "2003.12.14"]
[Round "7"]
[White "Stavrev, Nikolai"]
[Black "Semkov, Semko"]
[Result "0-1"]
[WhiteElo "2313"]
[BlackElo "2450"]
[PlyCount "64"]
[EventDate "2003.12.12"]
[EventType "swiss"]
[EventRounds "7"]
[EventCountry "BUL"]
[SourceTitle "EXT 2005"]
[Source "ChessBase"]
[SourceDate "2004.11.15"]
[SourceVersion "1"]
[SourceVersionDate "2004.11.15"]
[SourceQuality "1"]

1. e4 c5 2. Nf3 e6 3. d4 cxd4 4. Nxd4 Nc6 5. Nc3 Qc7 6. Be2 a6 7. 0-0 Nf6 8. Be3 Be7 9. f4 d6 10. Kh1 0-0 11. a4 Bd7 12. Nb3 b6 13. Bf3 Rab8 14. g4 Bc8 15. g5 Nd7 16. Bg2 Re8 17. Qh5 g6 18. Qh3 Bf8 19. Rad1 b5 20. axb5 axb5 21. Nd4 Nxd4 22. Bxd4 b4 23. Rd3 Ne5 24. fxe5 dxe5 25. Bg1 bxc3 26. Rxc3 Qe7 27. Qg3 Rxb2 28. Bc5 Qb7 29. Bxf8 Rxf8 30. Qxe5 Rb1 31. Rcf3 Rb5 32. Qf6 e5 0-1

[Event "Grigorov Memorial"]
[Site "Pernik"]
[Date "2003.12.13"]
[Round "5"]
[White "Rusev, Krasimir"]
[Black "Stavrev, Nikolai"]
[Result "1-0"]
[WhiteElo "2379"]
[BlackElo "2313"]
[PlyCount "63"]
[EventDate "2003.12.12"]
[EventType "swiss"]
[EventRounds "7"]
[EventCountry "BUL"]
[SourceTitle "EXT 2005"]
[Source "ChessBase"]
[SourceDate "2004.11.15"]
[SourceVersion "1"]
[SourceVersionDate "2004.11.15"]
[SourceQuality "1"]

1. d4 d5 2. c4 e6 3. Nf3 Nf6 4. g3 Be7 5. Bg2 0-0 6. 0-0 dxc4 7. Qc2 a6 8. a4 Bd7 9. Nbd2 Bc6 10. Qxc4 a5 11. Qc2 Na6 12. e4 Nb4 13. Qb1 b5 14. b3 bxa4 15. bxa4 Qe8 16. Bb2 Bxa4 17. Rc1 Ra7 18. Nc4 Bb5 19. Nfe5 Qa8 20. d5 exd5 21. exd5 Nfxd5 22. Be4 h6 23. Ne3 Bg5 24. Nxd5 Nxd5 25. Rc5 c6 26. Bxd5 cxd5 27. Rxb5 Bf6 28. Qa2 Rc7 29. Qxd5 Qxd5 30. Rxd5 Rb8 31. Bd4 Rb4 32. Nc6 1-0

[Event "BUL-chT"]
[Site "Plovdiv"]
[Date "2003.11.08"]
[Round "5"]
[White "Stavrev, Nikolai"]
[Black "Marholev, Dimitar"]
[Result "1/2-1/2"]
[WhiteElo "2313"]
[BlackElo "2407"]
[PlyCount "47"]
[EventDate "2003.11.??"]
[EventType "team"]
[EventRounds "9"]
[EventCountry "BUL"]
[SourceTitle "CBM 097 Extra"]
[Source "ChessBase"]
[SourceDate "2004.01.13"]
[SourceVersion "1"]
[SourceVersionDate "2004.01.13"]
[SourceQuality "1"]

1. e4 e5 2. Nf3 Nc6 3. Nc3 g6 4. d4 exd4 5. Nd5 Bg7 6. Bg5 Nce7 7. Nxd4 c6 8. Nxe7 Nxe7 9. Qd2 h6 10. Bh4 d5 11. 0-0-0 0-0 12. exd5 g5 13. d6 Qxd6 14. Bg3 Qxd4 15. Qxd4 Bxd4 16. Rxd4 Nf5 17. Rd2 Nxg3 18. hxg3 Kg7 19. Bc4 Bf5 20. Rd6 Rh8 21. Re1 Rae8 22. Rxe8 Rxe8 23. Kd2 h5 24. a4 1/2-1/2